01328pam a2200325 a 4500999001700000001000800017003000400025005001700029008004100046010001700087020001500104040002300119050002300142082001200165100002600177240004700203245005600250250005700306260009000363300003500453500008400488504003900572650003900611650002600650700002700676700008000703906004500783942001900828952015500847 c17729d177293398121OSt20210511104918.0890524s1989 enka b 001 0 eng  a 89012296  a0470215178 aMMUcMMUdMMUbeng00aQD101.2b.V63 198900a5452201 aVogel, Arthur Israel.10aTextbook of quantitative chemical analysis10aVogel's textbook of quantitative chemical analysis. a5th ed. /brevised by ... G.H. Jeffery ... [et al.]. aHarlow, Essex, England :bLongman Scientific & Technical ;aNew York :bWiley,c1989. axxix, 877 p. :bill. ;c24 cm. aRev. ed. of: Vogel's textbook of quantitative inorganic analysis. 4th ed. 1978. aIncludes bibliographies and index. 0aChemistry, AnalyticxQuantitative. 0aChemistry, Inorganic.1 aJeffery, G. H.,d1909-1 aVogel, Arthur Israel.tVogel's textbook of quantitative inorganic analysis. a7bcbccorignewd1eocipf19gy-gencatlg 2lcccLOAN LOAN 00102lcc4070aMMU001bMMU001d2016-06-27ePurchased g1645.00l2oQD101 .D97 2000p20104659r2019-11-11 00:00:00s2019-10-31w2016-06-27yLOAN LOAN